2018 Virginia National Geographic Bee Results - Statistics

General Stats
  • This quiz has been taken 17 times
  • The average score is 3 of 10
Answer Stats
Rank Student % Correct
T- 5th Anish Susarla
100%
1st Caleb Hines
78%
T- 5th Aleesha Khurram
33%
T- 8th Allan Wang
11%
T- 8th Cedric Le Floch
11%
3rd Franklin Heyming
11%
2nd Nathan Dunaway
11%
10th Tim Johanson
11%
T- 5th Visethreach Sothy
11%
4th Nicholas Ashman
0%
No matching quizzes found
Score Distribution
Percent of People with Each Score
Percentile by Number Answered
Your Score History
You have not taken this quiz